000 01790nam0a2200325 4500
001 RU\NLR\BIBL_A\011363163
005 20240922001812.0
010 _a9785829504786
_9500
021 _aRU
_b2017-17037
_91257
035 _a(RuMoRGB)008823092
035 _a(NLR Aleph) 011363163
090 _a11309404
_c11309404
100 _a20170407d2016 k y0rusy50 ca
101 0 _arus
102 _aRU
105 _aa|||z|||000zy
200 1 _aРазвитие индустриальных парков на основе повышения конкурентоспособности предприятий-резидентов
_e[монография]
_fВ. В. Криворотов, А. В. Калина, Е. А. Тиханов, С. Е. Ерыпалов
_gМинистерство образования и науки Российской Федерации, Уральский федеральный университет имени первого Президента России Б. Н. Ельцина, Высшая школа экономики и менеджмента
210 _aЕкатеринбург
_cИзд-во УМЦ УПИ
_d2016
215 _a188 с.
_cил.
_d20
320 _aБиблиогр.: с. 153-161 (140 назв.)
606 1 _aТехнопарки
_yСвердловская область
_92323775
_3RU\NLR\AUTH\6601614683
686 1 _aУ9(2)-55(2Р-4Св)
701 1 _aКриворотов
_bВ. В.
_gВадим Васильевич
701 1 _aКалина
_bА. В.
_gАлексей Владимирович
701 1 _aТиханов
_bЕ. А.
_gЕвгений Александрович
701 1 _aЕрыпалов
_bС. Е.
_gСергей Евгеньевич
942 _cBOOK
980 _aNBR